Statistics for September 23rd: Birthdays

Click here to take the quiz!

General Stats

  • This quiz has been taken 4 times
  • The average score is 2 of 14

Answer Stats

YearClueAnswer% Correct
1949Known as "The Boss"Bruce Springsteen
100%
1869Infected at least 51 people in NYCTyphoid Mary
50%
480Greek PlaywrightEuripides
25%
1930Pioneered soul musicRay Charles
25%
1916Italian Prime MinisterAldo Moro
0%
63 BCRoman Emperor Augustus Caesar
0%
1890Commanded the 6th Army at StalingradFriedrich Paulus
0%
1985Stand-Up ComedianHasan Minhaj
0%
1926Artist of Blue TrainJohn Coltrane
0%
1215Founder of the Yuan DynastyKublai Khan
0%
1943Won NFL Coach of YearMarty Schottenheimer
0%
1938Actor in Green AcresTom Lester
0%
1838Civil Rights Activist Victoria Woodhull
0%
1889Wrote Public OpinionWalter Lippmann
0%

Score Distribution

Percentile by Number Answered

Percent of People with Each Score

Your Score History

You have not taken this quiz